Click sur le Prénom du Joueur de Foot (France) - Statistiques

Statistiques générales
  • Ce quiz a été pris 930 fois
  • Le résultat moyen est 25 sur 30
Statistiques - réponses
Hint Réponse % Correct
Griezmann Antoine
98%
Lloris Hugo
98%
Mbappé Kylian
98%
Zidane Zinédine
98%
Benzema Karim
97%
Kanté N'Golo
97%
Pavard Benjamin
96%
Giroud Olivier
96%
Henry Thierry
95%
Ribéry Franck
94%
Cantona Eric
93%
Platini Michel
93%
Camavinga Eduardo
90%
Kolo Muani Randal
90%
Zaïre-Emery Warren
90%
Blanc Laurent
89%
Digne Lucas
89%
Papin Jean-Pierre
87%
Nkunku Christopher
81%
Trezeguet David
81%
Fontaine Just
79%
Pirès Robert
78%
Djorkaeff Youri
77%
Kopa Raymond
76%
Pallois Nicolas
70%
Giresse Alain
68%
Trésor Marius
64%
Lees-Melou Pierre
62%
Wiltord Sylvain
62%
Rocheteau Dominique
57%
Aucun quiz correspondant
Distribution des résultats
% des personnes avec chaque résultat
Percentile par nombre de réponses
Votre historique - résultats
Vous n’avez pas pris ce quiz